Analysis of non-rubber constituents of latex from Alstonia angustiloba (Record no. 54236)

MARC details
000 -LEADER
fixed length control field 00443nam a2200157Ia 4500
100 ## - MAIN ENTRY--AUTHOR NAME
Personal name Morris M D
245 #0 - TITLE STATEMENT
Title Analysis of non-rubber constituents of latex from Alstonia angustiloba
260 ## - PUBLICATION, DISTRIBUTION, ETC. (IMPRINT)
Name of publisher Journal of Tropical Forest Science
Year of publication 1992
300 ## - PHYSICAL DESCRIPTION
Number of Pages 225-232
500 ## - GENERAL NOTE
General note Source Year: 1993
650 ## - SUBJECT ADDED ENTRY--TOPICAL TERM
Topical Term Alstonia angusiloba latex
700 ## - ADDED ENTRY--PERSONAL NAME
Personal name Mansor H
856 ## - ELECTRONIC LOCATION AND ACCESS
Uniform Resource Identifier ATA
942 ## - ADDED ENTRY ELEMENTS (KOHA)
Koha item type Journals
Holdings
Withdrawn status Lost status Damaged status Not for loan Home library Current library Shelving location Date acquired Serial Enumeration / chronology Koha item type
      Journals RRII Library RRII Library Rubber general 17/12/2021 Volume 4, Issue 3 Journals